[Event "Tournoi Skype 015A"]
[Site "Skype"]
[Date "????.??.??"]
[Round "4.14"]
[White "Trivedi, Viral"]
[Black "Ergin, Ahmet"]
[Result "0-1"]
[WhiteElo "1551"]
[BlackElo "1746"]
[PlyCount "42"]

1. e4 d5 2. d4 dxe4 3. Nc3 Nf6 4. f3 exf3 5. Qxf3 Qxd4 6. Be3 Qh4+ 7. g3 Qb4 8.
O-O-O e5 9. Nb5 Qa5 10. Bd2 Qb6 11. Bc4 Bg4 12. Qb3 Bxd1 13. Bxf7+ Kd8 14. Kxd1
Nbd7 15. Nf3 Nc5 16. Be3 Nxb3 17. Bxb6 cxb6 18. cxb3 e4 19. Nfd4 a6 20. Ne6+
Ke7 21. Nxf8 axb5 0-1

[Event "Tournoi Skype 015A"]
[Site "Skype"]
[Date "????.??.??"]
[Round "4.15"]
[White "Megelas, Florent"]
[Black "Fouquereau, Andre"]
[Result "1-0"]
[WhiteElo "1720"]
[BlackElo "1515"]
[PlyCount "57"]

1. e4 e5 2. Nf3 d6 3. h3 Nf6 4. Nc3 c6 5. d4 Nbd7 6. dxe5 dxe5 7. Bc4 Bb4 8.
Ng5 O-O 9. O-O h6 10. Nf3 Qc7 11. Re1 Nc5 12. Bd2 Bxc3 13. Bxc3 b5 14. Bb3 Re8
15. Nd2 Nxb3 16. axb3 Bb7 17. f3 c5 18. Ba5 Qc6 19. Qe2 Nh5 20. Qe3 Nf4 21. Qf2
Qg6 22. Kh2 Qd6 23. g3 Ne6 24. c3 Qd7 25. Rad1 Qc8 26. Nf1 Rf8 27. Ne3 f6 28.
Nf5 Ng5 29. Ne7+ 1-0

[Event "Tournoi Skype 015A"]
[Site "Skype"]
[Date "????.??.??"]
[Round "4.16"]
[White "Steenkamp, Brandt"]
[Black "Murgia, Stefano"]
[Result "1-0"]
[WhiteElo "1446"]
[BlackElo "1691"]
[PlyCount "57"]

1. e4 e5 2. Nf3 Nc6 3. Bb5 Nd4 4. Nxd4 exd4 5. O-O h5 6. c3 Bc5 7. b4 Bb6 8.
Bb2 c6 9. Be2 Nf6 10. e5 Nd5 11. cxd4 Nxb4 12. Na3 d5 13. exd6 Be6 14. Re1 Nd5
15. Nc4 Nf4 16. d5 Qg5 17. Bf3 Nh3+ 18. Kf1 Nxf2 19. Qa4 O-O 20. dxe6 fxe6 21.
Re5 Qg6 22. Nxb6 axb6 23. Qh4 Ng4 24. Rxh5 Qd3+ 25. Kg1 Rxa2 26. Rh8+ Kf7 27.
Rxf8+ Kxf8 28. Qe7+ Kg8 29. Qxg7# 1-0

[Event "Tournoi Skype 015A"]
[Site "Skype"]
[Date "????.??.??"]
[Round "4.17"]
[White "Bendre, Pankaj"]
[Black "Kruzeniski, Randy"]
[Result "0-1"]
[WhiteElo "1672"]
[BlackElo "1547"]
[PlyCount "60"]

1. e4 c5 2. Nf3 d6 3. d4 cxd4 4. Nxd4 Nf6 5. Nc3 a6 6. h3 e6 7. Bd3 Be7 8. Be3
O-O 9. Qe2 Nbd7 10. g4 h6 11. f4 Nh7 12. O-O-O Nc5 13. e5 Nxd3+ 14. Rxd3 d5 15.
Kb1 Bd7 16. Rdd1 b5 17. a3 Qa5 18. Nb3 Qc7 19. h4 b4 20. axb4 Bxb4 21. Na2 Bb5
22. Qf2 Be7 23. g5 h5 24. Bc5 g6 25. Bxe7 Qxe7 26. Nd4 Rfb8 27. Nc3 Nf8 28.
Ndxb5 axb5 29. Qf3 b4 30. Ne2 Qa7 0-1

[Event "Tournoi Skype 015A"]
[Site "Skype"]
[Date "????.??.??"]
[Round "4.18"]
[White "Antonic, Nenad"]
[Black "Mishra, Om"]
[Result "0-1"]
[WhiteElo "1527"]
[BlackElo "1712"]
[PlyCount "76"]

1. d4 Nf6 2. Nf3 g6 3. e3 Bg7 4. Bd3 O-O 5. Nbd2 d6 6. Nf1 Bg4 7. h3 Bxf3 8.
Qxf3 d5 9. Ng3 Nbd7 10. c3 e5 11. e4 exd4 12. cxd4 dxe4 13. Nxe4 Nxe4 14. Bxe4
Bxd4 15. O-O c6 16. Be3 Bg7 17. Rfd1 Ne5 18. Qe2 Qe7 19. Rd2 f5 20. Bc2 f4 21.
Bd4 f3 22. Qd1 fxg2 23. Bxe5 Qxe5 24. Re2 Qh5 25. Be4 Qxh3 26. Bxg2 Qh5 27. Qc2
Rf4 28. Qb3+ Kh8 29. Re3 Bd4 30. Rf3 Raf8 31. Rxf4 Rxf4 32. Rf1 Be5 33. Qe6 Rf5
34. Qe8+ Kg7 35. Qe7+ Kh6 36. Rd1 Qxd1+ 37. Bf1 Rg5+ 38. Qxg5+ Kxg5 0-1

[Event "Tournoi Skype 015A"]
[Site "Skype"]
[Date "????.??.??"]
[Round "4.19"]
[White "Bourdeau, Yvan"]
[Black "Holtz, Steve"]
[Result "0-1"]
[WhiteElo "1642"]
[BlackElo "1499"]
[PlyCount "32"]

1. c4 c6 2. Nc3 Nf6 3. g3 e6 4. Bg2 d5 5. cxd5 exd5 6. d4 Be7 7. Nf3 Bf5 8. O-O
Ne4 9. Qb3 Qc7 10. Bf4 Bd6 11. Nxd5 cxd5 12. Bxd6 Nxd6 13. Qxd5 O-O 14. Ne5 Qe7
15. Rfc1 Be6 16. Qb5 Nxb5 0-1

[Event "Tournoi Skype 015A"]
[Site "Skype"]
[Date "????.??.??"]
[Round "4.21"]
[White "Karia, Vijay"]
[Black "Malbec, Robert"]
[Result "1-0"]
[WhiteElo "1634"]
[BlackElo "1510"]
[PlyCount "49"]

1. e4 e5 2. Bc4 Nf6 3. d3 Bc5 4. Nc3 h6 5. f4 Bxg1 6. Rxg1 d6 7. fxe5 dxe5 8.
h3 Nc6 9. Rf1 Na5 10. Be3 Nxc4 11. dxc4 Qxd1+ 12. Rxd1 O-O 13. Nd5 Nxe4 14.
Nxc7 Rb8 15. Bxa7 Be6 16. Nxe6 Ra8 17. Nxf8 Rxa7 18. Nd7 f6 19. a3 Ra4 20. Nb6
Ra6 21. Rd8+ Kh7 22. Nd5 Ra4 23. Ne3 Kg6 24. Rd7 Ra7 25. Nf5 1-0

[Event "Tournoi Skype 015A"]
[Site "Skype"]
[Date "????.??.??"]
[Round "4.22"]
[White "Saponara, Jose Maria"]
[Black "Perez Fermin, Jose"]
[Result "1/2-1/2"]
[WhiteElo "1482"]
[BlackElo "1622"]
[PlyCount "179"]

1. d4 Nf6 2. c4 e6 3. Nf3 d5 4. Nc3 Be7 5. e3 b6 6. Bd3 dxc4 7. Bxc4 Bb7 8. O-O
O-O 9. Bd3 c5 10. Ng5 h6 11. Nge4 Nbd7 12. dxc5 Nxc5 13. Nxf6+ Bxf6 14. Bc2 Rc8
15. Bd2 Be5 16. Be1 Qg5 17. g3 Qe7 18. f4 Rfd8 19. Qg4 Bf6 20. Rc1 Bc6 21. e4
Bd4+ 22. Bf2 Qb7 23. Rfe1 Bxf2+ 24. Kxf2 Nd3+ 25. Bxd3 Rxd3 26. Rcd1 Rcd8 27.
Rxd3 Rxd3 28. f5 Qd7 29. fxe6 fxe6 30. Nd5 exd5 31. Qxd7 Bxd7 32. exd5 Rxd5 33.
a3 Bb5 34. b4 Rd2+ 35. Kg1 Ra2 36. Re3 Kf7 37. Rc3 Re2 38. Rc7+ Re7 39. Rc3 g5
40. Kf2 Re2+ 41. Kg1 Kf6 42. Rc7 Re7 43. Rc3 h5 44. h3 Rd7 45. Kf2 Rd3 46. Rxd3
Bxd3 47. Ke3 Bc4 48. a4 a6 49. a5 bxa5 50. bxa5 h4 51. Kf2 Ke5 52. Kf3 Bf1 53.
gxh4 Bxh3 54. hxg5 Kf5 55. g6 Kxg6 56. Ke4 Kf6 57. Kd4 Ke6 58. Kc5 Bf1 59. Kc6
Kf5 60. Kd5 Kf4 61. Kd4 Kf3 62. Kc5 Ke2 63. Kb4 Kd1 64. Kc3 Kc1 65. Kb3 Bb5 66.
Kc3 Kb1 67. Kb3 Bf1 68. Ka3 Kc2 69. Ka2 Kc3 70. Ka3 Bb5 71. Ka2 Kb4 72. Kb2
Kxa5 73. Kc3 Ka4 74. Kb2 Kb4 75. Ka2 Ba4 76. Kb2 a5 77. Ka2 Bb5 78. Kb2 Bc4 79.
Ka1 Kc3 80. Kb1 a4 81. Ka1 a3 82. Kb1 Bd3+ 83. Ka2 Kb4 84. Ka1 Bc4 85. Kb1 a2+
86. Kb2 Kc5 87. Ka1 Kd4 88. Kb2 Kd3 89. Ka1 Kd2 90. Kb2 1/2-1/2

[Event "Tournoi Skype 015A"]
[Site "Skype"]
[Date "????.??.??"]
[Round "4.23"]
[White "Prasad Singh, Ambika"]
[Black "Montenegro, Juan Carlos"]
[Result "1-0"]
[WhiteElo "1595"]
[BlackElo "1499"]
[PlyCount "187"]

1. e4 c5 2. Nf3 Nc6 3. d4 cxd4 4. Nxd4 e5 5. Nf5 d6 6. Ng3 Nf6 7. Nc3 Be7 8.
Bc4 O-O 9. O-O Be6 10. Nd5 Na5 11. Nxe7+ Qxe7 12. Bd3 h6 13. h3 Rfd8 14. Qf3
Nc6 15. c3 Nd7 16. Bc2 Bc4 17. Rd1 Qf6 18. Nf5 Qg6 19. Ba4 Qh7 20. Nxd6 Nb6 21.
Nxb7 Rxd1+ 22. Bxd1 Qg6 23. Nc5 Rd8 24. Bc2 Ne7 25. b3 Bb5 26. Qg3 Qf6 27. Nd3
Bxd3 28. Bxd3 Ng6 29. a4 Nd7 30. b4 Qd6 31. Bc2 Nf6 32. Be3 Qc7 33. Bc5 Nh5 34.
Qe3 Nhf4 35. Bxa7 Qxc3 36. Qxc3 Ne2+ 37. Kh2 Nxc3 38. Be3 Ne7 39. b5 Ra8 40. b6
Nc6 41. Ra3 Ne2 42. Bd3 Ned4 43. f4 f6 44. fxe5 fxe5 45. Bc4+ Kf8 46. Bxd4 Nxd4
47. a5 Nc6 48. a6 Ke7 49. Bd5 Kd6 50. a7 Kc5 51. Rc3+ Kxb6 52. Rxc6+ Kxa7 53.
Rc7+ Kb8 54. Rxg7 Ra6 55. Re7 Kc8 56. Bb7+ Kd8 57. Bxa6 Kxe7 58. Kg3 Kf6 59. h4
Kg6 60. Bb5 h5 61. Be8+ Kh6 62. Kf3 Kh7 63. Bxh5 Kh6 64. Be8 Kg7 65. g4 Kf8 66.
Bg6 Kg7 67. h5 Kh6 68. g5+ Kxg5 69. Kg3 Kh6 70. Kg4 Kg7 71. Kf5 Kh6 72. Kxe5
Kg7 73. Ke6 Kf8 74. e5 Kg7 75. Ke7 Kg8 76. e6 Kg7 77. Ke8 Kh8 78. e7 Kg7 79.
Kd8 Kh8 80. e8=Q+ Kg7 81. Qd7+ Kf6 82. Qf7+ Kg5 83. h6 Kxh6 84. Ke7 Kg5 85. Ke6
Kh6 86. Qh7+ Kg5 87. Qh5+ Kf4 88. Qf5+ Ke3 89. Ke5 Kd2 90. Qd3+ Ke1 91. Kf4 Kf2
92. Qd2+ Kf1 93. Kf3 Kg1 94. Qg2# 1-0

[Event "Tournoi Skype 015A"]
[Site "Skype"]
[Date "????.??.??"]
[Round "4.25"]
[White "Meaney, Mike"]
[Black "Murolo, Antonio"]
[Result "0-1"]
[WhiteElo "1476"]
[BlackElo "1573"]
[PlyCount "90"]

1. d4 Nf6 2. Nf3 e6 3. e3 d5 4. Nbd2 c5 5. c3 Nbd7 6. Bb5 a6 7. Bxd7+ Bxd7 8.
Nb3 Ba4 9. O-O c4 10. Ne5 cxb3 11. axb3 Bb5 12. Re1 Bd6 13. Nf3 O-O 14. Qc2 Rc8
15. Bd2 Bc6 16. Qd1 Qc7 17. h3 h6 18. Rc1 Qd8 19. c4 dxc4 20. bxc4 Ne4 21. c5
Be7 22. Bb4 b6 23. Ba3 bxc5 24. dxc5 Qxd1 25. Rexd1 Rfd8 26. Rxd8+ Rxd8 27. Nd4
Rc8 28. b4 Kf8 29. Rc2 Ke8 30. Bc1 Nf6 31. Ra2 Bb7 32. Rc2 Kd7 33. Rd2 Ke8 34.
Rc2 Kd7 35. Rd2 Ne4 36. Rc2 Nf6 37. Rd2 Ke8 38. f3 Nd5 39. Nc2 Bc6 40. f4 Rd8
41. Nd4 Nxb4 42. Ba3 Bxc5 43. Rb2 Bxd4 44. Rxb4 Bxe3+ 45. Kh2 Bc5 0-1

[Event "Tournoi Skype 015A"]
[Site "Skype"]
[Date "????.??.??"]
[Round "4.26"]
[White "Carballo, Jorge"]
[Black "Grib, Johannes"]
[Result "0-1"]
[WhiteElo "1691"]
[BlackElo "1480"]
[PlyCount "112"]

1. e4 e5 2. Nf3 Nc6 3. Bc4 h6 4. O-O Nf6 5. Re1 Bc5 6. c3 O-O 7. d4 exd4 8.
cxd4 Bb4 9. Nc3 Ne7 10. a3 Bxc3 11. bxc3 d5 12. exd5 Nexd5 13. Bd2 c6 14. Ba2
Qc7 15. Ne5 Be6 16. c4 Ne7 17. Bf4 Qa5 18. Bd2 Qd8 19. Bb4 Re8 20. Bxe7 Rxe7
21. Qb3 Qxd4 22. Rad1 Qc5 23. Qb4 Qxb4 24. axb4 Rae8 25. Bb1 Bxc4 26. f4 Ng4
27. h3 Nxe5 28. fxe5 g5 29. Rd4 Be6 30. g4 Kg7 31. Rde4 b6 32. Kf2 Rd8 33. Kg3
Red7 34. h4 Bd5 35. R4e3 Be6 36. hxg5 Rh8 37. Kf4 Rd4+ 38. Be4 h5 39. gxh5 Rxh5
40. Rg3 Rh4+ 41. Kf3 Rxb4 42. g6 Rb3+ 43. Re3 Rxe3+ 44. Kxe3 Rg4 45. Rxg4 Bxg4
46. gxf7 Kxf7 47. Bxc6 Ke6 48. Kd4 a5 49. Bd5+ Ke7 50. Bc6 Be6 51. Bb5 Bb3 52.
Kc3 a4 53. Kb4 Ke6 54. Bd3 Kxe5 55. Kb5 Kd4 56. Kxb6 Kxd3 0-1

[Event "Tournoi Skype 015A"]
[Site "Skype"]
[Date "????.??.??"]
[Round "4.27"]
[White "Yardimci, Ertan"]
[Black "Mordaa, Ahmad"]
[Result "0-1"]
[WhiteElo "1515"]
[BlackElo "1418"]
[PlyCount "112"]

1. d4 Nf6 2. c4 e5 3. dxe5 Ng4 4. Bf4 Nc6 5. Nf3 Bb4+ 6. Nbd2 f6 7. a3 Bxd2+ 8.
Qxd2 fxe5 9. Bg3 d6 10. h3 Nf6 11. Qc2 h6 12. e3 Be6 13. Be2 Qd7 14. Qg6+ Qf7
15. Qxf7+ Bxf7 16. b4 Bg6 17. O-O a6 18. Rac1 O-O-O 19. b5 axb5 20. cxb5 Na5
21. Nd2 b6 22. Rc3 Nd5 23. Rcc1 Kb8 24. Bf3 Nf6 25. Rfd1 e4 26. Be2 Nb7 27. Nb3
Bf7 28. Nd4 Be8 29. Ne6 Rd7 30. Nd4 Re7 31. Nc6+ Bxc6 32. bxc6 Nc5 33. Bc4 Rd8
34. Rd4 d5 35. Rb1 Ree8 36. Bb5 Re6 37. Bh2 Ng8 38. Kf1 Ne7 39. g4 Nxc6 40.
Bxc6 Rxc6 41. Rd2 Ne6 42. Be5 Kb7 43. Rb5 Rc1+ 44. Kg2 c6 45. Rb4 Ra8 46. Rdb2
b5 47. a4 Kc8 48. Ra2 bxa4 49. Rbxa4 Rxa4 50. Rxa4 Kb7 51. Rb4+ Ka6 52. Rb8 c5
53. Re8 Ng5 54. Bxg7 c4 55. Rc8 Nf3 56. Bb2 Rg1# 0-1

[Event "Tournoi Skype 015A"]
[Site "Skype"]
[Date "????.??.??"]
[Round "4.28"]
[White "Lowery, Mike"]
[Black "Loyarte, Frederic"]
[Result "0-1"]
[WhiteElo "1499"]
[BlackElo "1538"]
[PlyCount "54"]

1. d4 Nf6 2. Nf3 d6 3. c4 g6 4. Nc3 Bg7 5. e3 O-O 6. Bd3 c5 7. O-O b6 8. a3 e6
9. e4 Bb7 10. Bg5 Nbd7 11. Rc1 h6 12. Bh4 g5 13. Bg3 Qe7 14. Nb5 Rfc8 15. Bxd6
Qd8 16. dxc5 Nxc5 17. Bg3 Nxd3 18. Bc7 Qe7 19. Qxd3 Rxc7 20. Nxc7 Qxc7 21. e5
Nd7 22. h4 g4 23. Nd2 Bxe5 24. g3 Qc8 25. f4 Qc5+ 26. Kh2 Qc6 27. fxe5 Qg2# 0-1

[Event "Tournoi Skype 015A"]
[Site "Skype"]
[Date "????.??.??"]
[Round "4.29"]
[White "Aranzubia, Desiderio"]
[Black "Grimwood, Robert"]
[Result "1/2-1/2"]
[WhiteElo "1499"]
[BlackElo "1491"]
[PlyCount "60"]

1. d4 d5 2. c4 e6 3. Nc3 Nf6 4. cxd5 exd5 5. Bf4 c6 6. h3 Bd6 7. Bxd6 Qxd6 8.
Nf3 O-O 9. e3 Nbd7 10. Bd3 h6 11. O-O a6 12. Rb1 c5 13. dxc5 Nxc5 14. Be2 Be6
15. a3 Nce4 16. Nxe4 Nxe4 17. Qd4 Rae8 18. Rfd1 Nc5 19. b4 Nd7 20. Nd2 Rc8 21.
Rbc1 Rxc1 22. Rxc1 Nf6 23. Bf3 Rc8 24. Rxc8+ Bxc8 25. Nb1 Kf8 26. Nc3 Be6 27.
e4 Qc6 28. Qc5+ Qxc5 29. bxc5 dxe4 30. Nxe4 Nd7 1/2-1/2

[Event "Tournoi Skype 015A"]
[Site "Skype"]
[Date "????.??.??"]
[Round "5.1"]
[White "Hervais, Adrien"]
[Black "Yuvarlak, Ugur"]
[Result "1-0"]
[WhiteElo "1945"]
[BlackElo "1870"]
[PlyCount "35"]

1. e4 e5 2. Nc3 Nf6 3. f4 d5 4. fxe5 Nxe4 5. d3 Qh4+ 6. g3 Nxg3 7. Nf3 Qh5 8.
Nxd5 Bg4 9. Bg2 Nxh1 10. Nxc7+ Kd8 11. Nxa8 Bxf3 12. Qxf3 Qxe5+ 13. Be3 Qxb2
14. Qd5+ Nd7 15. Bh3 Bb4+ 16. Kf1 Qf6+ 17. Kg2 Bd6 18. Bg5 1-0

[Event "Tournoi Skype 015A"]
[Site "Skype"]
[Date "????.??.??"]
[Round "5.2"]
[White "Donmez, Unal"]
[Black "Lambert, Pierre"]
[Result "1-0"]
[WhiteElo "1895"]
[BlackElo "1843"]
[PlyCount "81"]

1. d4 Nf6 2. c4 c6 3. Nf3 d5 4. Qc2 e6 5. g3 Be7 6. Bg2 O-O 7. O-O Nbd7 8. Nc3
Re8 9. h3 Bd6 10. Rd1 Nf8 11. Be3 dxc4 12. Ne5 Nd5 13. Nxc4 Nxe3 14. Nxe3 Bd7
15. Nc4 Bc7 16. e4 Qe7 17. e5 Rab8 18. Ne4 Red8 19. a4 Be8 20. Qc3 Nd7 21. b4
Nb6 22. Nxb6 Bxb6 23. a5 Bc7 24. a6 b6 25. Rab1 Rbc8 26. f4 Bd7 27. Kh2 f5 28.
Nd2 g5 29. Nf3 gxf4 30. gxf4 Be8 31. Rb2 Rd7 32. Bf1 Kh8 33. Bc4 h6 34. Rg2 Bf7
35. Rdg1 Rg8 36. Bb3 Rxg2+ 37. Rxg2 Bh5 38. Qxc6 Bxf3 39. Qxf3 Rxd4 40. Qg3 Qf7
41. Bxe6 1-0

[Event "Tournoi Skype 015A"]
[Site "Skype"]
[Date "????.??.??"]
[Round "5.3"]
[White "Mahapatra, Durgaprasad"]
[Black "Jacquelin, Norbert"]
[Result "1-0"]
[WhiteElo "2066"]
[BlackElo "1877"]
[PlyCount "44"]

1. d4 d5 2. Bf4 Nf6 3. e3 e6 4. Bd3 Bd6 5. Bxd6 Qxd6 6. f4 Qb4+ 7. Nc3 a6 8. a3
Qd6 9. Nf3 Nc6 10. h3 Ne7 11. Qe2 Nf5 12. Kf2 h6 13. g4 Ne7 14. Kg3 g5 15. Ne5
Bd7 16. Qf2 gxf4+ 17. Qxf4 Neg8 18. e4 c6 19. Rhf1 Qe7 20. Rad1 O-O-O 21. Na4
Rf8 22. Ng6 e5 1-0

[Event "Tournoi Skype 015A"]
[Site "Skype"]
[Date "????.??.??"]
[Round "5.4"]
[White "Patra Kumar, Subhendu"]
[Black "Karlsen, Christian"]
[Result "0-1"]
[WhiteElo "1853"]
[BlackElo "2046"]
[PlyCount "52"]

1. e4 c5 2. Nf3 d6 3. d4 cxd4 4. Nxd4 Nf6 5. Nc3 e5 6. Bb5+ Bd7 7. Bxd7+ Qxd7
8. Nf5 Nc6 9. O-O Nxe4 10. Nxg7+ Bxg7 11. Nxe4 d5 12. Nc5 Qd6 13. Qg4 Bf8 14.
Nd3 h5 15. Qg3 O-O-O 16. b4 f6 17. c3 d4 18. c4 Qe6 19. Bd2 Rg8 20. Qf3 e4 21.
Rfe1 exf3 22. Rxe6 Rxg2+ 23. Kh1 Bd6 24. Bf4 Nxb4 25. Bxd6 Nxd3 26. Bg3 h4 0-1

[Event "Tournoi Skype 015A"]
[Site "Skype"]
[Date "????.??.??"]
[Round "5.5"]
[White "Deville, Olivier"]
[Black "Auger, Bertrand"]
[Result "1-0"]
[WhiteElo "1845"]
[BlackElo "2042"]
[PlyCount "74"]

1. c4 c5 2. Nf3 Nf6 3. Nc3 Nc6 4. g3 d5 5. cxd5 Nxd5 6. Bg2 g6 7. Qa4 Bg7 8.
Qc4 Nxc3 9. dxc3 Qb6 10. Ng5 Ne5 11. Qh4 h6 12. Ne4 g5 13. Nxg5 hxg5 14. Qxg5
Bf6 15. Qf4 Bh3 16. O-O Bxg2 17. Kxg2 Qc6+ 18. f3 Qe6 19. h4 O-O-O 20. Qa4 Nc6
21. e4 Rdg8 22. Kf2 Be5 23. Rg1 Bc7 24. Be3 Ne5 25. Rad1 Qf6 26. f4 Ng4+ 27.
Ke2 Nxe3 28. Kxe3 Rxg3+ 29. Ke2 Rxg1 30. Qd7+ Kb8 31. Rxg1 Rd8 32. Qg4 Qxf4 33.
Qxf4 Bxf4 34. Rg7 Rf8 35. Kf3 Be5 36. Rh7 Kc8 37. h5 Kd7 1-0

[Event "Tournoi Skype 015A"]
[Site "Skype"]
[Date "????.??.??"]
[Round "5.6"]
[White "Hilton, Stephen"]
[Black "Casey, Eamonn"]
[Result "1-0"]
[WhiteElo "1910"]
[BlackElo "1780"]
[PlyCount "51"]

1. e4 e6 2. d4 d5 3. Nc3 Nf6 4. Bg5 Be7 5. e5 Nfd7 6. Bxe7 Qxe7 7. Qd2 c5 8. f4
a6 9. Nf3 Nc6 10. O-O-O O-O 11. Kb1 cxd4 12. Nxd4 Nxd4 13. Qxd4 Qc5 14. Qd3 f6
15. exf6 Nxf6 16. Be2 Bd7 17. Bf3 Rac8 18. Rhe1 Rfe8 19. f5 exf5 20. Nxd5 Ne4
21. Bxe4 Rxe4 22. Rxe4 fxe4 23. Qxe4 Re8 24. Qd3 Bc6 25. Nc7 Be4 26. Qb3+ 1-0

[Event "Tournoi Skype 015A"]
[Site "Skype"]
[Date "????.??.??"]
[Round "5.7"]
[White "Plourde, Alain"]
[Black "Rico Hernandez, Edgar"]
[Result "1-0"]
[WhiteElo "1849"]
[BlackElo "1892"]
[PlyCount "115"]

1. d4 Nf6 2. c4 g6 3. Nc3 Bg7 4. Nf3 O-O 5. e4 d6 6. h3 e5 7. dxe5 dxe5 8. Qxd8
Rxd8 9. Bd2 Na6 10. Nh2 Nc5 11. f3 Nh5 12. O-O-O Ng3 13. Rg1 Nxf1 14. Rgxf1 Be6
15. b3 f5 16. Bg5 Rxd1+ 17. Rxd1 Kf7 18. Kc2 Bf8 19. Nf1 f4 20. Nd5 Rc8 21. Nh2
c6 22. Nc3 h6 23. Bh4 g5 24. Bf2 a6 25. Ng4 Nd7 26. Na4 Bg7 27. Nb6 Nxb6 28.
Bxb6 h5 29. Nf2 Bf8 30. Kc3 Be7 31. Rd2 Ra8 32. Nd3 Kf6 33. Bc7 b5 34. Bxe5+
Kf7 35. h4 g4 36. Bxf4 Bxh4 37. Ne5+ Ke8 38. g3 Bf6 39. fxg4 Bxg4 40. Kc2 Bxe5
41. Bxe5 Bf3 42. Rd4 c5 43. Rd6 Bxe4+ 44. Kb2 bxc4 45. bxc4 a5 46. Bf4 Bf3 47.
Re6+ Kd7 48. Rd6+ Ke7 49. Rd3 Bg4 50. Rd5 Rc8 51. Kc3 Bf3 52. Re5+ Kd7 53. Re3
Bg4 54. Re1 Rc6 55. Kb3 Re6 56. Rxe6 Kxe6 57. Ka4 Kd7 58. Kb5 1-0

[Event "Tournoi Skype 015A"]
[Site "Skype"]
[Date "????.??.??"]
[Round "5.8"]
[White "Segura Lozano, Marcos Antonio"]
[Black "Legueltel, Daniel"]
[Result "0-1"]
[WhiteElo "1883"]
[BlackElo "1698"]
[PlyCount "70"]

1. e4 e5 2. Nf3 Nc6 3. Bc4 Be7 4. Nc3 Nf6 5. O-O O-O 6. Re1 d6 7. h3 a6 8. a3
b5 9. Ba2 Bb7 10. Nd5 Nxd5 11. exd5 Nb8 12. d4 exd4 13. Nxd4 Nd7 14. Nf5 Bf6
15. Qg4 Ne5 16. Rxe5 dxe5 17. Nxg7 Bxg7 18. Bg5 Qd6 19. h4 f5 20. Qg3 f4 21.
Qg4 Bc8 22. Qh5 Kh8 23. c4 Bf5 24. Rc1 Qg6 25. Qd1 Rae8 26. cxb5 h6 27. Rc6 Bf6
28. d6 Rd8 29. Rxc7 hxg5 30. h5 Qh6 31. b6 Bg7 32. Kh2 Rxd6 33. Qe2 Rxb6 34.
Bf7 g4 35. Kg1 Qd6 0-1

[Event "Tournoi Skype 015A"]
[Site "Skype"]
[Date "????.??.??"]
[Round "5.9"]
[White "Elias, Roberto"]
[Black "Engstrom, Olle"]
[Result "1-0"]
[WhiteElo "1764"]
[BlackElo "1678"]
[PlyCount "55"]

1. e4 c5 2. Nf3 Nc6 3. d4 cxd4 4. Nxd4 Nf6 5. Nc3 e5 6. Nf3 Bb4 7. Bd2 O-O 8.
Bd3 Re8 9. O-O d6 10. a3 Ba5 11. b4 Bb6 12. Bg5 Be6 13. Bb5 a6 14. Ba4 Bc4 15.
Re1 Bxf2+ 16. Kxf2 Qb6+ 17. Kg3 Nh5+ 18. Kh4 Qf2+ 19. Kxh5 f6 20. Bb3 Bxb3 21.
cxb3 fxg5 22. Qd5+ Kh8 23. Ra2 Qb6 24. Nxg5 Rf8 25. Nf7+ Kg8 26. Nh6+ Kh8 27.
Qg8+ Rxg8 28. Nf7# 1-0

[Event "Tournoi Skype 015A"]
[Site "Skype"]
[Date "????.??.??"]
[Round "5.11"]
[White "Kruzeniski, Randy"]
[Black "Janssen, Gerard"]
[Result "0-1"]
[WhiteElo "1547"]
[BlackElo "1732"]
[PlyCount "58"]

1. d4 d5 2. Nf3 e6 3. e3 c5 4. b3 Nf6 5. Bd3 Nc6 6. a3 a6 7. O-O b5 8. Bb2 c4
9. bxc4 bxc4 10. Be2 Rb8 11. Bc3 Ne4 12. Ne5 Nxe5 13. dxe5 Rxb1 14. Qd4 Rxf1+
15. Bxf1 Bc5 16. Qd1 Nxc3 17. Qe1 Nb5 18. Rd1 Qc7 19. f4 Nxa3 20. Qg3 O-O 21.
Rd2 f6 22. h4 fxe5 23. fxe5 Qb6 24. Re2 Qb1 25. Re1 Qxc2 26. Re2 Qc3 27. Qg5
Nc2 28. Kh2 Rxf1 29. Qd8+ Rf8 0-1

[Event "Tournoi Skype 015A"]
[Site "Skype"]
[Date "????.??.??"]
[Round "5.12"]
[White "Brun, Jacques"]
[Black "Megelas, Florent"]
[Result "0-1"]
[WhiteElo "1821"]
[BlackElo "1720"]
[PlyCount "72"]

1. e4 e5 2. Nf3 Nc6 3. Bb5 Nf6 4. O-O Be7 5. Re1 O-O 6. c3 a6 7. Ba4 b5 8. Bb3
Bb7 9. d4 d6 10. d5 Na5 11. Bc2 c6 12. dxc6 Bxc6 13. b3 Rc8 14. Bb2 Qb6 15.
Nbd2 Ng4 16. Re2 h6 17. h3 Nf6 18. Rc1 Rfd8 19. Qe1 Nb7 20. Ba3 Qc7 21. c4 Qa5
22. Nb1 bxc4 23. bxc4 Qxe1+ 24. Rexe1 Nc5 25. Nc3 Rd7 26. Bxc5 dxc5 27. Nd5 Bd8
28. Nxe5 Rb7 29. Rb1 Rxb1 30. Bxb1 Ba5 31. Nc3 Bxc3 32. Nxc6 Rxc6 33. Rd1 Bd4
34. Kf1 Kf8 35. Bc2 Rb6 36. a4 Bb2 0-1

[Event "Tournoi Skype 015A"]
[Site "Skype"]
[Date "????.??.??"]
[Round "5.13"]
[White "Dal, Ibrahim"]
[Black "Karia, Vijay"]
[Result "0-1"]
[WhiteElo "1748"]
[BlackElo "1634"]
[PlyCount "84"]

1. d4 d5 2. Nf3 Nf6 3. c4 c6 4. Nc3 e6 5. Bg5 Nbd7 6. cxd5 cxd5 7. e3 a6 8. Bd3
Be7 9. Rc1 b5 10. O-O O-O 11. a3 Bb7 12. Bb1 h6 13. Bf4 Rc8 14. Qd3 Qa5 15. Nd2
Qb6 16. Ne2 Bd6 17. Bxd6 Qxd6 18. b4 Rcd8 19. Nb3 Rfe8 20. Nc5 Qb8 21. Nxd7
Rxd7 22. Rc5 e5 23. Ng3 e4 24. Qe2 Rd6 25. Nh5 Nxh5 26. Qxh5 Ree6 27. f4 Rg6
28. Rfc1 Bc6 29. Ba2 Qb7 30. Qf5 Rgf6 31. Qh5 Rd8 32. Qh4 Qd7 33. Rxc6 g5 34.
Rxf6 gxh4 35. Rxh6 Rc8 36. Rc5 Rxc5 37. bxc5 Qg4 38. Kf2 Qd1 39. Bxd5 Qd2+ 40.
Kf1 Qxe3 41. Rxh4 Qd3+ 42. Ke1 e3 0-1

[Event "Tournoi Skype 015A"]
[Site "Skype"]
[Date "????.??.??"]
[Round "5.14"]
[White "Murolo, Antonio"]
[Black "Meyer, Eric"]
[Result "0-1"]
[WhiteElo "1573"]
[BlackElo "1747"]
[PlyCount "98"]

1. d4 Nf6 2. Nf3 b6 3. g3 Bb7 4. Bg2 e6 5. O-O d6 6. c4 Nbd7 7. Nc3 Be7 8. e4
Nxe4 9. Nxe4 Bxe4 10. Re1 Nf6 11. Bg5 Bb7 12. Rc1 O-O 13. b3 h6 14. Bxf6 Bxf6
15. d5 e5 16. Nd2 Bg5 17. Rc2 Bc8 18. Ne4 Bf5 19. h4 Be7 20. Rc1 Qd7 21. Nc3
Bg4 22. Bf3 Bxf3 23. Qxf3 f5 24. Qg2 Rf7 25. Nd1 f4 26. Re4 Raf8 27. Rc3 Qf5
28. g4 f3 29. gxf5 fxg2 30. Kxg2 Rxf5 31. f3 Rf4 32. Kg3 Bxh4+ 33. Kh3 Bg5 34.
Rxf4 Rxf4 35. Nf2 Kf7 36. Ne4 Bh4 37. Kg2 g5 38. Nd2 Kg6 39. Nf1 g4 40. Nh2 h5
41. fxg4 hxg4 42. Rc2 e4 43. Re2 Kf5 44. Nf1 Rf3 45. Ne3+ Kf4 46. Nf1 e3 47.
Nh2 Rf2+ 48. Rxf2+ Bxf2 49. Nf1 g3 0-1

[Event "Tournoi Skype 015A"]
[Site "Skype"]
[Date "????.??.??"]
[Round "5.15"]
[White "Parmar, Manoj"]
[Black "Prasad Singh, Ambika"]
[Result "1-0"]
[WhiteElo "1731"]
[BlackElo "1595"]
[PlyCount "37"]

1. d4 Nf6 2. c4 e6 3. Nc3 Bb4 4. Bd2 c5 5. e3 Nc6 6. Nf3 O-O 7. Bd3 d5 8. cxd5
Nxd5 9. O-O Nxc3 10. Bxc3 cxd4 11. exd4 Be7 12. Ne5 Qc7 13. f4 Nxe5 14. fxe5 b6
15. Qh5 g6 16. Qh6 f6 17. Bxg6 hxg6 18. Qxg6+ Kh8 19. Rf3 1-0

[Event "Tournoi Skype 015A"]
[Site "Skype"]
[Date "????.??.??"]
[Round "5.17"]
[White "Baue, Michel"]
[Black "Galani, Mahendra"]
[Result "1-0"]
[WhiteElo "1700"]
[BlackElo "1486"]
[PlyCount "81"]

1. e4 e5 2. Nf3 d6 3. d4 exd4 4. Nxd4 Nf6 5. Nc3 Qe7 6. Bd3 Na6 7. O-O Nc5 8.
Re1 Nfd7 9. Nd5 Qd8 10. f4 c6 11. Nc3 Qb6 12. Kh1 Nxd3 13. Qxd3 g6 14. Nf3 Nc5
15. Qd4 Rg8 16. Rb1 Bg4 17. Be3 O-O-O 18. Qd2 Qa6 19. Qf2 b6 20. h3 Be6 21. a3
Kc7 22. Bd4 d5 23. exd5 cxd5 24. Ng5 h6 25. Nh7 Be7 26. Nf6 Rgf8 27. Rbd1 Kb7
28. Qf3 Qc4 29. b3 Qa6 30. Nfxd5 Bxd5 31. Nxd5 Qxa3 32. Nxe7+ Ka6 33. Qe2+ Kb7
34. Qb5 Rd6 35. Ra1 Qxa1 36. Bxa1 Ka8 37. Be5 Re6 38. Nd5 Rc8 39. b4 Nb7 40.
Qd7 Rf8 41. Nc7+ 1-0